000 00443nam a2200157 a 4500
005 20140412111421.0
008 080105s19uu xx 00 eng d
020 _a0-439-28605-0
050 _aM 523.2
_bAt5 2001
100 _aAitkinson, Stuart
245 _aExtraordinary Solar System /
_cStuart Aitkinson.
260 _aNew York :
_bScholastic,
_cc2002.
300 _a32p.
650 _aSolar System
_xJuvenile Literature
999 _c106028
_d106028